[Event "Mondiale Lampo FIDE 2022"]
[Site "Alma Ata"]
[Date "30.12.2022"]
[Round "18.78"]
[White "Vetokhin, Savva"]
[Black "Petkov, Momchil"]
[Result "0-1"]
[WhiteTitle ""]
[BlackTitle ""]
[WhiteElo "2354"]
[BlackElo "2531"]
[WhiteFideId "44144474"]
[BlackFideId "2921642"]
[EventDate "29.12.2022"]

1. Nf3 d5 2. g3 Nf6 3. Bg2 e6 4. c4 Be7 5. d4 O-O 6. O-O a5 7. Nc3 c6 8. Ne5
Nfd7 9. Nxd7 Nxd7 10. e4 dxc4 11. a4 e5 12. d5 Nc5 13. Be3 Nb3 14. Rb1 Bc5 15.
Bxc5 Nxc5 16. Qe2 Nb3 17. Rfd1 Nd4 18. Qxc4 b5 19. axb5 cxb5 20. Qc5 Bg4 21.
Rxd4 Rc8 22. Qa7 exd4 23. Qxd4 b4 24. Na4 Rc2 25. b3 Qc7 26. h3 Bd7 27. d6 Rc1+
28. Rxc1 Qxc1+ 29. Kh2 Bxa4 30. bxa4 b3 31. d7 Qc7 32. e5 b2 33. Qxb2 Qxd7 34.
Qc2 Rc8 35. Qe4 Qc7 36. Qf5 Rd8 37. e6 fxe6 38. Qxe6+ Qf7 39. Qe3 Rf8 40. f4 Kh8
41. Qe5 Qf5 42. Qd6 h6 43. Be4 Qf6 44. Qc5 Qb2+ 45. Bg2 Rd8 46. Qxa5 Rd2 47.
Qa8+ Kh7 48. Qe4+ Kg8 49. a5 Qa2 50. Qa8+ Kh7 51. a6 Rxg2+ 52. Qxg2 Qxa6 53. h4
Qd6 54. Qe4+ Kh8 55. f5 Qd2+ 56. Kh3 Qd1 57. Kg2 Qd2+ 58. Kf3 Qd1+ 59. Kf4 Qd2+
60. Qe3 Qb4+ 61. Kf3 Qb7+ 62. Qe4 Qc7 63. Kg4 Qd8 64. Kh3 Qd1 65. Qe8+ Kh7 66.
Qg6+ Kh8 67. Qe8+ Kh7 68. Qe4 Kh8 69. Kg2 Qd2+ 70. Kf1 Qd1+ 71. Kf2 Qd2+ 72. Qe2
Qd4+ 73. Qe3 Qd5 74. g4 Qh1 75. Kg3 Qf1 76. Qe8+ Kh7 77. Qe3 Kh8 78. Qe4 Qg1+
79. Kh3 Qf1+ 80. Qg2 Qf4 81. Qe2 Kh7 82. Qd3 Kh8 83. Qd8+ Kh7 84. Qd1 Qe3+ 85.
Kg2 Qf4 86. Qf3 Qd2+ 87. Kh3 Qc1 88. Kg2 Qd2+ 89. Kh3 Qc1 90. Qe4 Qc3+ 91. Kg2
Qd2+ 92. Kf3 Qd1+ 93. Kf4 Qd6+ 94. Qe5 Qd2+ 95. Qe3 Qd6+ 96. Kf3 Qd1+ 97. Qe2
Qd5+ 98. Qe4 Qd1+ 99. Kf2 Qd2+ 100. Kg3 Qc3+ 101. Qf3 Qe5+ 102. Kh3 Qe7 103. Qd3
Kh8 104. Qd2 Qe4 105. Qf2 Qd3+ 106. Kh2 Qd6+ 107. Qg3 Qd2+ 108. Kh3 Qd5 109. Qf2
Qd3+ 110. Kg2 Qe4+ 111. Kg3 Qe5+ 112. Qf4 Qc3+ 113. Qf3 Qe5+ 114. Kh3 Qe7 115.
Qf4 Qa3+ 116. Qg3 Qc5 117. Qf3 Qc1 118. f6 gxf6 119. Qxf6+ Kh7 120. Qf5+ Kg7
121. Qf3 Qd2 122. Qe4 Qc3+ 123. Kg2 Qd2+ 124. Kf3 Qc3+ 125. Qe3 Qf6+ 126. Kg3
Qd6+ 127. Kh3 Qd1 128. h5 Qf1+ 129. Kg3 Qb1 130. Qe7+ Kg8 131. Qe6+ Kg7 132.
Qe5+ Kg8 133. Qf6 Qg1+ 134. Kf4 Qf2+ 135. Ke5 Qb2+ 136. Kf5 Qc2+ 137. Ke6 0-1

[Event "Mondiale Lampo FIDE 2022"]
[Site "Alma Ata"]
[Date "30.12.2022"]
[Round "18.79"]
[White "Bologan, Victor"]
[Black "Suleymenov, Alisher"]
[Result "1/2-1/2"]
[WhiteTitle ""]
[BlackTitle ""]
[WhiteElo "2574"]
[BlackElo "2476"]
[WhiteFideId "13900048"]
[BlackFideId "13707833"]
[EventDate "29.12.2022"]

1. e4 c5 2. Nf3 d6 3. c3 Nf6 4. Bd3 Bg4 5. Bc2 Nc6 6. h3 Bh5 7. d3 e6 8. Nbd2 d5
9. Qe2 Be7 10. Nf1 O-O 11. Ng3 Bg6 12. e5 Nd7 13. h4 c4 14. d4 Bxc2 15. Qxc2 f6
16. exf6 Bxf6 17. Ng5 g6 18. Be3 Qe7 19. f4 e5 20. dxe5 Ndxe5 21. fxe5 Qxe5 22.
Nf1 Bxg5 23. hxg5 Rxf1+ 24. Rxf1 Qxe3+ 25. Qe2 Qg3+ 26. Kd1 Qxg5 27. Kc2 d4 28.
Qxc4+ Kh8 29. Rf2 Rc8 30. Raf1 d3+ 31. Kb1 d2 32. Qf4 Qxf4 33. Rxf4 1/2-1/2

[Event "Mondiale Lampo FIDE 2022"]
[Site "Alma Ata"]
[Date "30.12.2022"]
[Round "18.80"]
[White "Gadimbayli, Abdulla"]
[Black "Postlmayer, Jakob"]
[Result "0-1"]
[WhiteTitle ""]
[BlackTitle ""]
[WhiteElo "2524"]
[BlackElo "2314"]
[WhiteFideId "13404938"]
[BlackFideId "1643622"]
[EventDate "29.12.2022"]

1. e4 c5 2. Nf3 e6 3. d4 cxd4 4. Nxd4 Nc6 5. Nc3 Qc7 6. Be3 a6 7. Qd2 Nf6 8. f4
Bb4 9. Bd3 Na5 10. a3 Bxc3 11. Qxc3 Qxc3+ 12. bxc3 d5 13. exd5 exd5 14. Nb3 Nc4
15. Bd4 Ne4 16. O-O-O Bd7 17. Bxc4 dxc4 18. Rhe1 f5 19. Nc5 Bc6 20. Ne6 Kf7 21.
Nxg7 Kg6 22. Be5 Rhd8 23. Ne6 Rxd1+ 24. Rxd1 Re8 25. Nd8 Bb5 26. Nxb7 Kf7 27.
Nd6+ Nxd6 28. Rxd6 Re6 29. Rd8 Bc6 30. g3 Rh6 31. Rc8 Be4 32. Rc7+ Ke8 33. h4
Rg6 34. Rxh7 Rxg3 35. h5 Rg1+ 36. Kd2 Rg2+ 37. Ke3 Rg3+ 38. Kd4 Rh3 39. h6 Bxc2
40. Kxc4 a5 41. Kc5 Be4 42. Bg7 Kf7 43. Rh8 a4 44. Rc8 Kg6 45. Rd8 Rh1 46. Rd6+
Kh7 47. Rd7 Kg6 48. Ra7 Bc2 49. c4 Rf1 50. Ra6+ Kh7 51. Ra7 Kg6 52. Kd6 Rxf4 53.
c5 Rc4 54. c6 f4 55. Be5 Kxh6 56. Rf7 Be4 57. c7 f3 58. Kd7 Bb7 59. Bd6 Rc2 60.
Rf4 Kg5 61. Rxa4 f2 62. Rf4 Ba6 63. Rf8 f1=Q 64. Rxf1 Bxf1 65. c8=Q Bh3+ 66. Ke7
Rxc8 0-1

[Event "Mondiale Lampo FIDE 2022"]
[Site "Alma Ata"]
[Date "30.12.2022"]
[Round "18.81"]
[White "Mamedov, Edgar"]
[Black "Haldorsen, Benjamin"]
[Result "0-1"]
[WhiteTitle ""]
[BlackTitle ""]
[WhiteElo "2283"]
[BlackElo "2449"]
[WhiteFideId "13739980"]
[BlackFideId "1512633"]
[EventDate "29.12.2022"]

1. d4 Nf6 2. Bg5 b6 3. Bxf6 exf6 4. c4 Bb7 5. Nc3 g6 6. Nf3 f5 7. g3 Bg7 8. Bg2
O-O 9. O-O d6 10. d5 Nd7 11. Nd4 Ne5 12. Qa4 h5 13. Nc6 Qf6 14. Nb5 Bxc6 15.
dxc6 Qe7 16. Nc3 h4 17. Nd5 Qd8 18. Rad1 a5 19. Qb5 hxg3 20. fxg3 a4 21. Nf4 Ng4
22. Rd3 Re8 23. Qd5 Ra5 24. Qf3 Ne5 25. Qf2 Nxd3 26. exd3 Rae5 27. Bd5 Qg5 28.
Kh1 a3 29. bxa3 Qh6 30. Qf3 Re3 31. Qg2 g5 32. Bxf7+ Kxf7 33. Qd5+ Kf8 34. Qxf5+
Kg8 35. Ng6 Re1 36. Qd5+ Kh7 37. Nf8+ Bxf8 38. Qf7+ Bg7 39. Qf5+ Qg6 40. Qh3+
Kg8 0-1

[Event "Mondiale Lampo FIDE 2022"]
[Site "Alma Ata"]
[Date "30.12.2022"]
[Round "18.82"]
[White "Begmuratov, Khumoyun"]
[Black "Uruci, Endrit"]
[Result "1-0"]
[WhiteTitle ""]
[BlackTitle ""]
[WhiteElo "2399"]
[BlackElo "2297"]
[WhiteFideId "14210207"]
[BlackFideId "22100199"]
[EventDate "29.12.2022"]

1. e4 c5 2. Nc3 e6 3. Nf3 Nc6 4. Bb5 Nge7 5. d4 cxd4 6. Nxd4 Qc7 7. O-O a6 8.
Be2 Nxd4 9. Qxd4 Nc6 10. Qd1 Be7 11. Be3 O-O 12. f4 b5 13. Bf3 Bb7 14. a3 Rac8
15. Qe1 Na5 16. Bd4 Bc5 17. Bxc5 Qxc5+ 18. Kh1 Nc4 19. Nd1 Rfd8 20. c3 a5 21. b3
Nb6 22. b4 Qc7 23. g3 Na4 24. Rc1 d5 25. exd5 Bxd5 26. Bxd5 Rxd5 27. Qe4 axb4
28. axb4 Qc6 29. Ne3 Rd3 30. Qxc6 Rxc6 31. Rfd1 Rcd6 32. Rxd3 Rxd3 33. Nd1 h5
34. Kg2 h4 35. Kf2 Rd2+ 36. Kf3 Rxh2 37. Nf2 Nb2 38. Ra1 Nc4 39. gxh4 Rxh4 40.
Ra8+ Kh7 41. Rb8 Rh5 42. Ne4 Rd5 43. Ke2 Kg6 44. Rb7 f6 45. Nc5 Rd2+ 46. Ke1 Kf5
47. Rxb5 Kxf4 48. Nxe6+ Ke3 49. Rh5 Ra2 50. Rh3+ Ke4 51. Nc5+ Kd5 52. Rd3+ Kc6
53. Ne4 f5 54. Nc5 g5 55. Ne6 Ne5 56. Re3 Ng4 57. Rf3 Kd5 58. Nxg5 Ke5 59. Nf7+
Ke4 60. Ng5+ Ke5 61. Kd1 Nf6 62. Nf7+ Ke4 63. Ng5+ Ke5 64. Kc1 Nd5 65. Nf7+ Ke4
66. Ng5+ Ke5 67. Kb1 Rg2 68. Nf7+ Ke4 69. Rh3 f4 70. Nd6+ Ke5 71. Nc4+ Kf5 72.
Rh5+ Rg5 73. Rxg5+ Kxg5 74. Kc2 f3 75. Nd2 f2 76. Ne4+ Kf4 77. Nxf2 Ke3 78. Nd3
Ke4 79. Nc5+ Ke5 80. Kd3 Kd6 81. Kc4 Ne3+ 82. Kb5 Nd5 83. Na4 Nc7+ 84. Kc4 Kc6
85. Nb2 Nb5 86. Kb3 Nd6 87. c4 Ne4 88. Nd3 Nd2+ 89. Kc3 Ne4+ 90. Kd4 Nd6 91.
Ne5+ Kc7 92. c5 Nb5+ 93. Kc4 Na3+ 94. Kb3 Nb5 95. Ka4 Nd4 96. b5 Ne6 97. Kb4 Kb7
98. Kc4 Kc7 99. Nf3 Nf4 100. Nd4 Kb7 101. Nb3 Ng6 102. Na5+ Ka7 103. Kd5 Nf4+
104. Kd6 Ne2 105. b6+ Kb8 106. c6 Nd4 107. c7+ Kc8 108. b7# 1-0

[Event "Mondiale Lampo FIDE 2022"]
[Site "Alma Ata"]
[Date "30.12.2022"]
[Round "18.83"]
[White "Korelskiy, Egor"]
[Black "Akhilbay, Imangali"]
[Result "1-0"]
[WhiteTitle ""]
[WhiteElo "2153"]
[BlackElo "2140"]
[WhiteFideId "34329064"]
[BlackFideId "13734857"]
[EventDate "29.12.2022"]

1. e4 c5 2. Nf3 Nc6 3. Bb5 d6 4. Bxc6+ bxc6 5. e5 Nh6 6. O-O Nf5 7. Re1 g5 8.
exd6 e6 9. d3 g4 10. Ne5 Bxd6 11. Nxg4 Qh4 12. g3 Qh3 13. Nf6+ Ke7 14. Ne4 f6
15. Qf3 Rg8 16. Qg2 Qh5 17. Nxd6 Nh4 18. Nxc8+ Raxc8 19. Qh1 Nf3+ 20. Kg2 Nxe1+
21. Qxe1 Qd5+ 22. Kg1 h5 23. Nc3 Qf5 24. Qe4 Qh3 25. Qh7+ Kf8 26. Bh6+ 1-0

[Event "Mondiale Lampo FIDE 2022"]
[Site "Alma Ata"]
[Date "30.12.2022"]
[Round "18.84"]
[White "Elier, Ali"]
[Black "Tologon tegin, Semetei"]
[Result "0-1"]
[BlackTitle ""]
[WhiteElo "2165"]
[BlackElo "2394"]
[WhiteFideId "16217543"]
[BlackFideId "13800574"]
[EventDate "29.12.2022"]

1. e4 e5 2. Nf3 Nc6 3. Nc3 Nf6 4. d4 exd4 5. Nd5 h6 6. Bc4 Bc5 7. O-O O-O 8. b4
Nxb4 9. Nxb4 Bxb4 10. Qxd4 Qe7 11. e5 Nh7 12. Nh4 Bc5 13. Qf4 d6 14. Ng6 Qe8 15.
Bb2 Be6 16. Bxe6 Qxe6 17. Nxf8 Nxf8 18. exd6 Bxd6 19. Qf3 Rb8 20. Rfe1 Qg6 21.
Re4 Ne6 22. Rg4 Qxc2 23. Qc3 Qxc3 24. Bxc3 g6 25. Rb1 b6 26. Ra4 Ra8 27. Bd2 h5
28. Be3 a5 29. Rd1 Rb8 30. Rc4 Kf8 31. Rc6 Ke7 32. Rc2 Kd7 33. Kf1 f5 34. g3 a4
35. Ke2 b5 36. Bc5 Nxc5 37. Rxc5 b4 38. Ra5 a3 39. Ra6 Ke6 40. Rd3 Rb5 41. Rb3
Re5+ 42. Re3 Rxe3+ 43. fxe3 Kd5 44. Kd3 c5 45. Ra5 g5 46. h3 g4 47. hxg4 hxg4
48. Ra8 Bxg3 49. Rd8+ Bd6 50. Rg8 g3 51. Rg5 b3 52. e4+ Kc6 53. Rxf5 bxa2 54.
Rf1 Be5 55. Kc4 a1=Q 0-1

[Event "Mondiale Lampo FIDE 2022"]
[Site "Alma Ata"]
[Date "30.12.2022"]
[Round "18.85"]
[White "Shishkov, Andrei"]
[Black "Everett, Elijah"]
[Result "1-0"]
[WhiteTitle ""]
[WhiteElo "2340"]
[BlackElo "2202"]
[WhiteFideId "4500563"]
[BlackFideId "12973696"]
[EventDate "29.12.2022"]

1. d4 Nf6 2. c4 g6 3. Nc3 Bg7 4. e4 d6 5. f3 O-O 6. Be3 Nc6 7. Qd2 a6 8. O-O-O
b5 9. h4 h5 10. g4 hxg4 11. h5 Nxh5 12. cxb5 axb5 13. Bxb5 Na5 14. Bh6 e5 15.
Bxg7 Kxg7 16. dxe5 Be6 17. fxg4 Bxg4 18. Nge2 c6 19. Rdg1 Qc8 20. Qg5 Bf3 21.
Rxh5 Bxh5 22. Bd3 Kh7 23. Rh1 Qe6 24. Nf4 Qxe5 25. Qg3 Rh8 26. Nxh5 gxh5 27.
Qxe5 dxe5 28. Rxh5+ Kg6 29. Rxe5 Rh2 30. Rc5 Kh7 31. b4 Nb7 32. Rxc6 Rg8 33. e5+
Kh8 34. Bc2 Rgg2 35. Nd5 Nd8 36. Rc8 Kg7 37. Ne3 Re2 38. Rxd8 Rxe3 39. Rc8 Rxe5
40. a4 Rh4 41. b5 Re1+ 42. Kb2 Re2 43. Kb3 Re3+ 44. Kb2 Re2 45. Kb3 Re3+ 46. Kb2
Rb4+ 47. Kc1 Re7 48. Kd2 Ra7 49. Kc3 Rbxa4 50. Bxa4 Rxa4 51. b6 Ra3+ 52. Kb4 Ra1
53. Kb5 Rb1+ 54. Kc6 f5 55. b7 Kf6 56. b8=Q Rxb8 57. Rxb8 Ke5 58. Kc5 Ke4 59.
Kc4 f4 60. Re8+ Kf3 1-0

[Event "Mondiale Lampo FIDE 2022"]
[Site "Alma Ata"]
[Date "30.12.2022"]
[Round "18.86"]
[White "Nissinen, Niilo Man"]
[Black "Suleimen, Ergali"]
[Result "0-1"]
[WhiteTitle ""]
[WhiteElo "1996"]
[BlackElo "2073"]
[WhiteFideId "30950767"]
[BlackFideId "13724452"]
[EventDate "29.12.2022"]

1. b3 e5 2. Bb2 Nc6 3. e3 Nf6 4. c4 g6 5. Ne2 Bg7 6. g3 d5 7. Bg2 O-O 8. O-O Be6
9. cxd5 Bxd5 10. d4 Bxg2 11. Kxg2 exd4 12. Nxd4 Qd5+ 13. Kg1 Rad8 14. Nc3 Qd7
15. Nxc6 Qxc6 16. Qe2 h5 17. h4 Ng4 18. Rac1 Ne5 19. Na4 Nf3+ 20. Kh1 Qe4 21.
Qc2 Qg4 22. Kg2 Nxh4+ 23. Kg1 Rd2 24. Qc4 Nf3+ 25. Kg2 Bxb2 26. Nxb2 Rxb2 27.
Qxg4 hxg4 28. Rxc7 Rxa2 29. Rxb7 Rd8 30. Rc1 Rdd2 31. Rf1 a5 32. Rb8+ Kg7 33. e4
Ng5 34. b4 axb4 35. Rxb4 Nh3 36. e5 Rxf2+ 37. Rxf2 Rxf2+ 38. Kh1 Re2 39. Rb7 Ng5
40. e6 Rxe6 41. Rb2 Nf3 42. Re2 Rd6 43. Re7 Kf6 44. Re4 Kg5 45. Ra4 f5 46. Ra5
Rd1+ 47. Kg2 Rd2+ 48. Kf1 Nd4 49. Rd5 Kf6 50. Ra5 Ke6 51. Ra6+ Ke5 52. Rxg6 Ke4
53. Ke1 Nf3+ 54. Kf1 Ne5 55. Ra6 Kf3 56. Ra5 Rd1# 0-1

[Event "Mondiale Lampo FIDE 2022"]
[Site "Alma Ata"]
[Date "30.12.2022"]
[Round "18.87"]
[White "Khusenkhojaev, Mustafokhuja"]
[Black "Amangeldy, Ernur"]
[Result "1-0"]
[WhiteElo "2265"]
[BlackElo "2097"]
[WhiteFideId "14700727"]
[BlackFideId "13720244"]
[EventDate "29.12.2022"]

1. d4 d5 2. Nf3 Nf6 3. c4 c6 4. Nc3 e6 5. Bg5 dxc4 6. e4 b5 7. e5 h6 8. Bh4 g5
9. Nxg5 hxg5 10. Bxg5 Nbd7 11. g3 Bb7 12. Bg2 Qb6 13. exf6 c5 14. d5 O-O-O 15.
O-O b4 16. Rb1 Qa6 17. dxe6 Bxg2 18. e7 Bxe7 19. fxe7 Rdg8 20. Kxg2 Rxg5 21. Ne4
Qc6 22. Re1 Rd5 23. Qf3 Re5 24. Rbd1 Kc7 25. Qf4 Kb7 26. Rxd7+ 1-0

[Event "Mondiale Lampo FIDE 2022"]
[Site "Alma Ata"]
[Date "30.12.2022"]
[Round "19.1"]
[White "Sarana, Alexey"]
[Black "Carlsen, Magnus"]
[Result "1-0"]
[WhiteTitle ""]
[BlackTitle ""]
[WhiteElo "2668"]
[BlackElo "2859"]
[WhiteFideId "24133795"]
[BlackFideId "1503014"]
[EventDate "29.12.2022"]

1. d4 d5 2. c4 e6 3. Nc3 Nf6 4. cxd5 exd5 5. Bf4 c6 6. e3 Bf5 7. f3 h5 8. Bd3
Bxd3 9. Qxd3 Na6 10. Nge2 Nc7 11. e4 dxe4 12. fxe4 Ne6 13. O-O Be7 14. h3 O-O
15. Rad1 Qb6 16. e5 Nd5 17. Nxd5 cxd5 18. Ng3 g6 19. Bh6 Qxb2 20. Bxf8 Rxf8 21.
Rb1 Qxa2 22. Rxb7 Qa3 23. Qxa3 Bxa3 24. Ra1 1-0

[Event "Mondiale Lampo FIDE 2022"]
[Site "Alma Ata"]
[Date "30.12.2022"]
[Round "19.4"]
[White "Artemiev, Vladislav"]
[Black "Fedoseev, Vladimir3"]
[Result "1/2-1/2"]
[WhiteTitle ""]
[BlackTitle ""]
[WhiteElo "2701"]
[BlackElo "2688"]
[WhiteFideId "24101605"]
[BlackFideId "24130737"]
[EventDate "29.12.2022"]

1. d4 d5 2. c4 e6 3. Nc3 c6 4. e3 Nf6 5. Nf3 Nbd7 6. Qc2 Bd6 7. Bd3 O-O 8. O-O
dxc4 9. Bxc4 a6 10. Rd1 c5 11. dxc5 Bxc5 12. Bd3 b5 13. a4 Bb7 14. Ng5 h6 15.
Nh7 Nxh7 16. Bxh7+ Kh8 17. Be4 Rb8 18. axb5 axb5 19. Bd2 Qb6 20. Bxb7 Qxb7 21.
Qe4 Nf6 22. Qxb7 Rxb7 23. Be1 g5 24. Ne2 b4 25. h3 Kg7 26. Nc1 Be7 27. Nd3 Rd8
28. Kf1 Ne4 29. f3 Nf6 30. Ke2 Rc8 31. Rdc1 Rd8 32. Rc4 Nd5 33. g3 Rbd7 34. Ne5
Rb7 35. e4 Nb6 36. Rc6 Bf6 37. Nd3 Nd7 38. Ra4 Ne5 39. Nxe5 Bxe5 40. Rxb4 Rxb4
41. Bxb4 Bxb2 1/2-1/2

[Event "Mondiale Lampo FIDE 2022"]
[Site "Alma Ata"]
[Date "30.12.2022"]
[Round "19.7"]
[White "Nepomniachtchi, Ian"]
[Black "Grischuk, Alexander"]
[Result "1-0"]
[WhiteTitle ""]
[BlackTitle ""]
[WhiteElo "2793"]
[BlackElo "2745"]
[WhiteFideId "4168119"]
[BlackFideId "4126025"]
[EventDate "29.12.2022"]

1. d4 Nf6 2. c4 g6 3. Nc3 Bg7 4. e4 d6 5. Nf3 O-O 6. Be2 e5 7. O-O Nc6 8. d5 Ne7
9. b4 a5 10. bxa5 Rxa5 11. a4 Nh5 12. Re1 f5 13. Bd2 Nf6 14. Bd3 h6 15. Qb3 Kh8
16. Nh4 f4 17. Nb5 Ra6 18. c5 g5 19. Nf5 Nxf5 20. exf5 e4 21. cxd6 exd3 22. Nxc7
Rxd6 23. Ne6 Bxe6 24. dxe6 Nd5 25. Rab1 Rxf5 26. Qxb7 Qe8 27. a5 Rxe6 28. a6
Rxe1+ 29. Rxe1 Qf7 30. Qb8+ Kh7 31. a7 Nc7 32. Rc1 Qa2 33. Qxc7 Rf8 34. Bc3 Rg8
35. Qd7 Kg6 36. Qxd3+ 1-0

[Event "Mondiale Lampo FIDE 2022"]
[Site "Alma Ata"]
[Date "30.12.2022"]
[Round "19.8"]
[White "Caruana, Fabiano"]
[Black "Dardha, Daniel"]
[Result "1-0"]
[WhiteTitle ""]
[BlackTitle ""]
[WhiteElo "2766"]
[BlackElo "2606"]
[WhiteFideId "2020009"]
[BlackFideId "240990"]
[EventDate "29.12.2022"]

1. e4 e5 2. Nf3 Nc6 3. Bb5 Nf6 4. d3 Bc5 5. Bxc6 dxc6 6. Nbd2 Nd7 7. Nc4 O-O 8.
O-O f6 9. Nh4 a5 10. a4 Rf7 11. Be3 Bf8 12. Nf5 Nb6 13. Nd2 Kh8 14. Ng3 Be6 15.
Kh1 c5 16. b3 Nd7 17. Ne2 Bd6 18. f4 exf4 19. Nxf4 Qe8 20. Qh5 Rf8 21. Qxe8
Rfxe8 22. Nxe6 Rxe6 23. h3 b6 24. g4 Nb8 25. Kg2 Nc6 26. Rf2 Be5 27. Raf1 Bd4
28. Nc4 Kg8 29. h4 h6 30. Kg3 Rd8 31. Rf5 Bxe3 32. Nxe3 Nd4 33. R5f2 c6 34. Nc4
Rb8 35. Kh3 Re7 36. Ne3 Rd8 37. Rg1 Re5 38. Nc4 Re7 39. Nxb6 Rb8 40. Nc4 Ra8 41.
g5 fxg5 42. hxg5 h5 43. g6 Ne6 44. Kh4 Nf8 45. Rf5 Nd7 46. Kxh5 Nf6+ 47. Kg5
Rae8 48. Rgf1 Re6 49. R1f4 Ra8 50. Rxc5 Nd7 51. Rxa5 Rd8 52. Raf5 Nf8 53. Ne5
Rde8 54. d4 c5 55. c3 Rb8 56. d5 Rd6 57. c4 Re8 58. Rxf8+ 1-0

[Event "Mondiale Lampo FIDE 2022"]
[Site "Alma Ata"]
[Date "30.12.2022"]
[Round "19.9"]
[White "Rapport, Richard"]
[Black "Nihal, Sarin"]
[Result "1-0"]
[WhiteTitle ""]
[BlackTitle ""]
[WhiteElo "2740"]
[BlackElo "2670"]
[WhiteFideId "738590"]
[BlackFideId "25092340"]
[EventDate "29.12.2022"]

1. e4 Nc6 2. d4 d5 3. e5 Bf5 4. c3 e6 5. Nf3 a6 6. a4 f6 7. Na3 fxe5 8. dxe5
Bxa3 9. Rxa3 Nge7 10. Be2 O-O 11. O-O Ng6 12. Nd4 Ngxe5 13. g4 Bg6 14. Nxe6 Qd6
15. Nxf8 Rxf8 16. f4 Qc5+ 17. Kg2 Be4+ 18. Kg3 Nc4 19. b4 Qa7 20. Bxc4 dxc4 21.
Qe2 Bd3 22. Qe6+ Kh8 23. Re1 Qb8 24. Ra2 Qd8 25. f5 h6 26. Rf2 Kh7 27. Qg6+ Kh8
28. Bxh6 gxh6 29. Qxh6+ Kg8 30. Qg6+ Kh8 31. Re6 Ne7 32. Qh6+ Kg8 33. Qg5+ Kf7
34. Rxe7+ Qxe7 35. Qg6# 1-0

[Event "Mondiale Lampo FIDE 2022"]
[Site "Alma Ata"]
[Date "30.12.2022"]
[Round "19.10"]
[White "Madaminov, Mukhiddin"]
[Black "Lazavik, Denis"]
[Result "1/2-1/2"]
[WhiteTitle ""]
[BlackTitle ""]
[WhiteElo "2438"]
[BlackElo "2537"]
[WhiteFideId "14210703"]
[BlackFideId "13515110"]
[EventDate "29.12.2022"]

1. d4 Nf6 2. Nc3 d5 3. Bf4 c5 4. e4 cxd4 5. Qxd4 Nc6 6. Bb5 Bd7 7. Bxc6 Bxc6 8.
e5 Nd7 9. e6 fxe6 10. Nf3 Qb6 11. Qd2 g6 12. O-O-O Bg7 13. Rhe1 Nc5 14. Be5 Bxe5
15. Rxe5 O-O-O 16. Nd4 Bd7 17. Rde1 Kb8 18. Qf4 Ka8 19. h4 Rhf8 20. Qe3 Rc8 21.
f4 Rc7 22. g3 Rfc8 23. Re2 a6 24. h5 Qd6 25. Rg5 Be8 26. h6 Bf7 27. Nf3 Be8 28.
a3 Bf7 29. Re5 Nd7 30. Rg5 Rxc3 31. bxc3 Qxa3+ 32. Kd2 Nf6 33. Re5 Ne4+ 34. Rxe4
dxe4 35. Ne5 Be8 36. c4 Qa5+ 37. c3 Qa1 38. Qd4 Ba4 39. Re1 Qb2+ 40. Ke3 Qg2 41.
Ra1 Qxg3+ 42. Ke2 Qg2+ 43. Ke3 Qg3+ 44. Ke2 Bc6 45. Qe3 Qg2+ 46. Qf2 Qh3 47. Qb6
Qh2+ 48. Ke3 Qg3+ 49. Ke2 Qg2+ 50. Ke3 Qg3+ 51. Ke2 Qg2+ 52. Ke3 Qg3+ 1/2-1/2

[Event "Mondiale Lampo FIDE 2022"]
[Site "Alma Ata"]
[Date "30.12.2022"]
[Round "19.11"]
[White "Yu, Yangyi"]
[Black "Makhnev, Denis"]
[Result "1-0"]
[WhiteTitle ""]
[BlackTitle ""]
[WhiteElo "2728"]
[BlackElo "2481"]
[WhiteFideId "8603820"]
[BlackFideId "13707647"]
[EventDate "29.12.2022"]

1. d4 Nf6 2. c4 e6 3. Nf3 b6 4. Nc3 Bb7 5. a3 d5 6. Qc2 Be7 7. cxd5 Nxd5 8. e4
Nxc3 9. bxc3 O-O 10. Bd3 c5 11. O-O cxd4 12. cxd4 Nd7 13. Bb2 Rc8 14. Qe2 Nf6
15. h3 Qc7 16. Rfd1 Qf4 17. Bc1 Rxc1 18. Rdxc1 Nxe4 19. Qe3 Bd6 20. Ne5 Bxe5 21.
dxe5 Qxe3 22. fxe3 Nc5 23. Rd1 Bc6 24. Be2 Nd7 25. Rac1 Nxe5 26. Rd6 Bd5 27. Rc7
g5 28. Ba6 Ra8 29. Bb7 Bxb7 30. Rxb7 h5 31. a4 h4 32. Kf2 Kf8 33. Ke2 Kg8 34.
Rd1 Rc8 35. Rxa7 Rc4 36. Rd4 Rc2+ 37. Rd2 Rc3 38. Rb7 Ra3 39. Rd4 Ra2+ 40. Kf1
Nc6 41. Re4 Rb2 42. Rg4 Kf8 43. Rxg5 Rb4 44. Rg4 Rb1+ 45. Kf2 Rb2+ 46. Kg1 Ne5
47. Rxh4 Rb1+ 48. Kh2 Rb2 49. Rf4 Nd3 50. Rfxf7+ 1-0

[Event "Mondiale Lampo FIDE 2022"]
[Site "Alma Ata"]
[Date "30.12.2022"]
[Round "19.12"]
[White "Vachier-Lagrave, Maxime"]
[Black "Le, Tuan Minh"]
[Result "1-0"]
[WhiteTitle ""]
[BlackTitle ""]
[WhiteElo "2737"]
[BlackElo "2542"]
[WhiteFideId "623539"]
[BlackFideId "12401153"]
[EventDate "29.12.2022"]

1. e4 c5 2. Nf3 Nf6 3. e5 Nd5 4. Nc3 Nxc3 5. dxc3 Nc6 6. Bd3 e6 7. Qe2 h6 8. h4
Qc7 9. Bf4 b6 10. Bg3 Bb7 11. O-O-O O-O-O 12. Ba6 Bxa6 13. Qxa6+ Qb7 14. Qd3 Be7
15. Nd2 f6 16. exf6 gxf6 17. Rhe1 f5 18. Nc4 b5 19. Nd6+ Bxd6 20. Qxd6 c4 21. h5
Rhg8 22. a3 Rde8 23. Kb1 Rg5 24. Rh1 a5 25. Bf4 Rxg2 26. Qc5 b4 27. axb4 axb4
28. Qxc4 bxc3 29. Qxc3 Rxf2 30. Bxh6 Qb4 31. Qxb4 Nxb4 32. Bg7 Kc7 33. h6 Ra8
34. Rc1 Rg2 35. Rh4 Nd5 36. Bd4 d6 37. h7 e5 38. h8=Q Rxh8 39. Rxh8 exd4 40. Rh4
f4 41. Rf1 Kc6 42. Rh5 Ne3 43. Rxf4 Rg1+ 44. Ka2 Nxc2 45. Kb3 Rg2 46. Kc4 Rd2
47. b4 Ne3+ 48. Kb3 Rd3+ 49. Ka4 Rd1 50. Rh2 Nd5 51. b5+ Kc5 52. Rf5 d3 53. Kb3
Rb1+ 54. Rb2 Rc1 55. b6 Rc3+ 56. Ka2 Rc4 57. b7 Ra4+ 58. Kb1 Kc4 59. Rxd5 Kxd5 1-0

[Event "Mondiale Lampo FIDE 2022"]
[Site "Alma Ata"]
[Date "30.12.2022"]
[Round "19.13"]
[White "Vakhidov, Jakhongir"]
[Black "Abdusattorov, Nodirbek"]
[Result "0-1"]
[WhiteTitle ""]
[BlackTitle ""]
[WhiteElo "2607"]
[BlackElo "2713"]
[WhiteFideId "14201801"]
[BlackFideId "14204118"]
[EventDate "29.12.2022"]

1. c4 e6 2. Nc3 Bb4 3. Qb3 a5 4. Nf3 Nf6 5. a3 Bxc3 6. Qxc3 O-O 7. e3 b6 8. Be2
Bb7 9. O-O d6 10. b3 Nbd7 11. Bb2 e5 12. d4 Ne4 13. Qc2 Qe7 14. Rad1 Rad8 15. b4
axb4 16. axb4 Nef6 17. Nd2 exd4 18. Bxd4 Ra8 19. Bb2 Ne5 20. h3 Rfe8 21. Bc3 Ng6
22. Qb2 Ne5 23. Rfe1 Ra7 24. Ra1 Rea8 25. Rxa7 Rxa7 26. Ra1 Rxa1+ 27. Qxa1 h6
28. c5 Nd5 29. cxd6 cxd6 30. Qb2 Qg5 31. Bf1 Nd3 32. Bxd3 Nf4 33. g3 Nxd3 34.
Qb1 Qf5 35. Qf1 Ba6 36. Qg2 d5 37. g4 Qc8 38. Nb1 Qc4 39. Qf1 Qb3 40. Bd4 Nxb4
41. Qc1 Nd3 42. Qf1 Qc2 43. Nc3 Bc4 44. h4 b5 45. g5 hxg5 46. hxg5 b4 47. Ne2 b3
48. g6 b2 49. gxf7+ Kxf7 50. Nc3 Qc1 51. Kg2 Nf4+ 0-1